| 000 | 00726pam a2200241 4500 | ||
|---|---|---|---|
| 001 | 1673 | ||
| 003 | OCoLC | ||
| 005 | 20181127163753.0 | ||
| 008 | 940104s1994 inu b 000 0 eng | ||
| 010 | _a94000362 | ||
| 020 | _a0872202186 (pbk. : alk. paper) | ||
| 020 | _a0872202194 (cloth) | ||
| 041 | 1 |
_aeng _hger |
|
| 100 | 1 |
_aMarx, Karl, _d1818-1883. |
|
| 240 | 0 | 0 |
_aSelections. _lEnglish. _f1994. |
| 245 | 1 | 0 |
_aSelected writings / _cKarl Marx ; edited, with introduction, by Lawrence H. Simon. |
| 260 |
_aIndianapolis : _bHackett, _cc1994. |
||
| 300 |
_axxxviii, 346 p. ; _c22 cm. |
||
| 504 | _aIncludes bibliographical references. | ||
| 650 | 0 | _aCommunism. | |
| 650 | 0 | _aSocialism. | |
| 700 | 1 | 0 |
_aSimon, Lawrence Hugh, _d1947- |
| 999 |
_c1256 _d1256 |
||